London Train Operators - Statistics

General Stats
  • This quiz has been taken 96 times
  • The average score is 27 of 35
Answer Stats
Type Operator % Correct
TfL Operated Services London Overground
94%
London Underground Bakerloo Line
93%
London Underground Central Line
93%
London Underground Northern Line
93%
London Underground Piccadilly Line
93%
London Underground Victoria Line
93%
London Underground Circle Line
91%
London Underground District Line
91%
Main Line Operators Southeastern
91%
London Underground Jubilee Line
90%
London Underground Metropolitan Line
90%
Light Rail Docklands Light Railway
89%
Main Line Operators Great Western Railway
89%
London Underground Hammersmith & City Line
89%
Main Line Operators Southern
89%
London Underground Waterloo & City Line
89%
TfL Operated Services Elizabeth Line
87%
Main Line Operators Thameslink
83%
Main Line Operators Greater Anglia
79%
Main Line Operators London North Eastern Railway
79%
Light Rail Trams
76%
Main Line Operators Avanti West Coast
74%
Main Line Operators c2c
73%
Main Line Operators Heathrow Express
71%
Main Line Operators South Western Railway
70%
Main Line Operators Chiltern Railways
69%
Main Line Operators Gatwick Express
66%
Main Line Operators Great Northern
66%
Main Line Operators East Midlands Railway
51%
Main Line Operators Lumo
51%
Main Line Operators London Northwestern Railway
50%
Main Line Operators Caledonian Sleeper
49%
Main Line Operators Hull Trains
49%
Main Line Operators Grand Central
47%
Main Line Operators Eurostar
41%
No matching quizzes found
Score Distribution
Percent of People with Each Score
Percentile by Number Answered
Your Score History
You have not taken this quiz